| 000 | 00528nam a22001577a 4500 | ||
|---|---|---|---|
| 008 | 210308b ||||| |||| 00| 0 eng d | ||
| 020 | _a9789993617228 | ||
| 082 | _a954.98 DOR | ||
| 100 | _aDorji, Jagar. | ||
| 245 | _aའབྲུག་གི་དངོས་མེད་ལམ་སྲོལ། | ||
| 260 |
_aThimphu : _bResearch & Media Division, National Library & Archives of Bhutan, _c[2015] |
||
| 300 |
_axxiv, 317 p. _c29 cm. |
||
| 650 | _aBhutan -- Social life and customs. | ||
| 700 | _aDorji, Jagar, | ||
| 942 | _2ddc | ||
| 999 |
_c8670 _d8671 |
||